000 00747nam a2200253Ia 4500
003 OSt
005 20220928112600.0
006 a|||||r|||| 00| 0
007 ta
008 220927b |||||||| |||| 00| 0 san d
020 _cINR 1250.00
024 _a134890
037 _b302, 09/03/2017, Eastern Book Linkers
_cTextual
040 _aSDCL
_cSDCL
_bsan
041 _2san
_asan
082 _aO15,3N52:g, Q6
100 _aTripathi Devi Prasad
_9428919
245 0 _aVastusaar
260 _aDilli
_bEastern Book Linkers
_c2016
300 _aLxii,428p.
_ccm.
650 _aSanskrit
_9391587
942 _hO15,3N52:g, Q6
_cTEXL
_2CC
999 _c745405
_d745405